Carregant...

Kerala sahithya charithram: vol.1 /

Dades bibliogràfiques
Altres autors: Parameswarayyar, Ulloor S.
Format: Printed Book
Idioma:Malayalam
Publicat: Thiruvananthapuram: Kerala University,
Matèries:
LEADER 00611cam a2200193ua 4500
008 060815t||||||||||| 001 ||mal c
041 0 |a mal 
082 |a 894.812 09  |b PAR/K.1 
245 0 0 |a Kerala sahithya charithram: vol.1 /  
260 |a Thiruvananthapuram:  |b Kerala University, 
300 |a . 
365 |e hb 
500 |a Includes index. 
504 |a . 
650 0 |a Malayalam literature-History 
700 0 2 |a Parameswarayyar, Ulloor S.,  
942 |c REF 
999 |c 30362  |d 30362 
952 |0 0  |1 0  |4 0  |6 894_812000000000000_09_PARK  |7 0  |9 32179  |a KUCL  |b KUCL  |d 2014-05-23  |l 0  |o 894.812 09 PAR/K.  |p 10269  |r 2017-03-09  |w 2014-05-23  |y REF